29 奈良県の市町村 人口順 - Statistics

General Stats
  • This quiz has been taken 6 times
  • The average score is 20 of 39
Answer Stats
順位 人口 市町村 % Correct
1 345,172 奈良市
100%
2 117,710 橿原市
100%
3 113,968 生駒市
100%
4 79,980 大和郡山市
83%
5 76,877 香芝市
83%
6 59,979 天理市
83%
7 59,165 大和高田市
83%
8 52,447 桜井市
83%
9 37,067 葛城市
83%
13 25,033 宇陀市
67%
14 24,849 五條市
67%
39 325 野迫川村
67%
10 33,762 広陵町
50%
12 27,242 斑鳩町
50%
17 21,686 御所市
50%
31 1,265 東吉野村
50%
32 1,231 御杖村
50%
33 1,137 曽爾村
50%
34 1,015 天川村
50%
35 1,014 川上村
50%
36 662 下北山村
50%
38 374 上北山村
50%
11 30,500 田原本町
33%
15 23,499 王寺町
33%
19 17,393 平群町
33%
20 16,039 河合町
33%
21 15,134 大淀町
33%
22 7,691 川西町
33%
24 6,074 高取町
33%
25 6,037 三宅町
33%
26 5,196 吉野町
33%
27 4,686 明日香村
33%
28 4,171 下市町
33%
29 2,819 山添村
33%
30 2,599 十津川村
33%
37 525 黒滝村
33%
16 22,572 三郷町
17%
18 20,464 上牧町
17%
23 6,837 安堵町
17%
No matching quizzes found
Score Distribution
Percent of People with Each Score
Percentile by Number Answered
Your Score History
You have not taken this quiz